Szakközépiskolások analogikus gondolkodása
Elmentve itt :
| Szerzők: | |
|---|---|
| Dokumentumtípus: | Cikk |
| Megjelent: |
2002
|
| Sorozat: | Iskolakultúra
12 No. 8 |
| Online Access: | http://misc.bibl.u-szeged.hu/40001 |
| LEADER | 00605nab a2200181 i 4500 | ||
|---|---|---|---|
| 001 | misc40001 | ||
| 005 | 20191106140843.0 | ||
| 008 | 180709s2002 hu o 0|| zxx d | ||
| 022 | |a 1215-5233 | ||
| 040 | |a SZTE Miscellanea Repozitórium |b hun | ||
| 041 | |a zxx | ||
| 100 | 1 | |a Takács Tímea | |
| 245 | 1 | 0 | |a Szakközépiskolások analogikus gondolkodása |h [elektronikus dokumentum] / |c Takács Tímea |
| 260 | |c 2002 | ||
| 300 | |a 8-16 | ||
| 490 | 0 | |a Iskolakultúra |v 12 No. 8 | |
| 700 | 0 | 1 | |a Takács Gábor |e aut |
| 856 | 4 | 0 | |u http://misc.bibl.u-szeged.hu/40001/1/EPA00011_iskolakultura_2002_08_008-016.pdf |z Dokumentum-elérés |